Мелиоративные, строительные и дорожные машины Учебное пособие
Разработан порядок выполнения выпускных квалификационных работ связанных с проектированием и технической эксплуатацией машин и оборудования природообустройства приводятся основные сведения по организации технического обслуживания и ремонта мелиоративной строительной и дорожной техники. Отражена посл...
Gardado en:
| Autor Principal: | |
|---|---|
| Formato: | Учебное пособие |
| Edición: | 1 |
| Acceso en liña: | https://znanium.com/catalog/document?id=221246 https://znanium.com/cover/0421/421657.jpg |
| Метки: |
Engadir etiqueta
Sen Etiquetas, Sexa o primeiro en etiquetar este rexistro!
|
| LEADER | 03279nam0a2200325 i 4500 | ||
|---|---|---|---|
| 001 | RU\infra-m\znanium\bibl\421657 | ||
| 003 | https://znanium.com/catalog/document?id=221246 | ||
| 005 | 20201005000000.0 | ||
| 010 | |a 978-5-7011-0359-5 | ||
| 100 | |a 20201005d2013 m y0rusy0150 ca | ||
| 101 | 0 | |a rus | |
| 102 | |a RU | ||
| 200 | 1 | |a Мелиоративные, строительные и дорожные машины |e Учебное пособие |f Саратовский государственный университет генетики, биотехнологии и инженерии имени Н.И. Вавилова | |
| 205 | |a 1 | ||
| 210 | 1 | |a Саратов |c Федеральное государственное бюджетное образовательное учреждение высшего профессионального образования "Саратовский государственный аграрный университет" имени Н. И. Вавилова |d 2003 | |
| 215 | |a 124 с. | ||
| 330 | |a Разработан порядок выполнения выпускных квалификационных работ связанных с проектированием и технической эксплуатацией машин и оборудования природообустройства приводятся основные сведения по организации технического обслуживания и ремонта мелиоративной строительной и дорожной техники. Отражена последовательность выполнения конструкторской части выпускных квалификационных работ представлены требования по оформлению расчетно-пояснительной записки. Предназначается для студентов высших сельскохозяйственных учебных заведений специальности 171100 - Машины и оборудование природообустройства и защиты окружающей среды. | ||
| 333 | |a ВО - Бакалавриат | ||
| 606 | |a Сельское хозяйство |x Техническое оснащение сельского хозяйства |2 local | ||
| 608 | |a Учебное пособие |2 local | ||
| 675 | |a 626 |z rus | ||
| 686 | |a 6545 |2 rubbk | ||
| 686 | |a 23.03.01 |2 okso | ||
| 686 | |a 23.03.03 |2 okso | ||
| 686 | |a 35.03.06 |2 okso | ||
| 700 | 1 | |a Абдразаков |b Ф.К. |g Фярид Кинжаевич |p Саратовский государственный университет генетики, биотехнологии и инженерии имени Н.И. Вавилова | |
| 701 | 1 | |a Соловьев |b Д. А. |g Дмитрий Александрович | |
| 801 | 0 | |a RU |b Общество с ограниченной ответственностью «ЗНАНИУМ» |c 20130516 |2 rusmarc | |
| 856 | 4 | |a znanium.com |m ebs_support@infra-m.ru |n НИЦ ИНФРА-М |u https://znanium.com/catalog/document?id=221246 | |
| 856 | 4 | 1 | |a znanium.com |d /cover/0421 |f 421657.jpg |q image/jpeg |u https://znanium.com/cover/0421/421657.jpg |